Statistics for Random Country Quiz #1

Click here to take the quiz!

General Stats

  • This quiz has been taken 17 times
  • The average score is 9 of 20

Answer Stats

HintAnswer% Correct
The official language of GambiaEnglish
92%
Country which had a "mandate" to rule Palestine from 1922–1947United Kingdom
85%
The capital of TurkmenistanAshgabat
69%
Industry which accounts for 80% of Andorra’s GDPTourism
69%
Celebration held for five days before Ash Wednesday in BrazilCarnival
62%
The Vietnamese national dish - pho - is a type of what?Soup
62%
Fruit banned on Singapore’s subwayDurian
46%
National flower of AustriaEdelweiss
46%
Croatian country codehr
46%
Myanmar’s main riverIrrawaddy
46%
Top Football league in ItalySerie A
46%
Royal family of Saudi ArabiaAl Saud
31%
Dictator that led Seychelles from 1977-2004France-Albert René
31%
The Central African Republic has the world’s least ____ pollutionLight
31%
The largest plaza in Cuba is the Plaza de la ______Revolución
31%
Most populous municipality in LiechtensteinSchaan
31%
Saint Kitts has the second-highest number of these people per-capitaBillionaires
23%
Largest settlement in San MarinoDogana
23%
Ethnic group of half The Republic of the Congo’s populationKongo
15%
Highest mountain in TanzaniaKilamanjaro
8%

Score Distribution

Percentile by Number Answered

Percent of People with Each Score

Your Score History

You have not taken this quiz